Music Quiz

Random Music or Rap Quiz

Scrambled Eminem Songs from Recovery Album Quiz Stats

 Plays Quiz not verified by Sporcle

Score 0/17 Timer 05:00
0 Plays Today
Scrambled Song Song % Correct
on olevNo Love
94.7%
52 ot ilfe25 to Life
94.7%
olve het awy uyo ileLove the Way You Lie
94.3%
pasce oubndSpace Bound
94%
os bdaSo Bad
93.4%
no irfeOn Fire
91.3%
t.p.wW.T.P.
90.8%
odlc iwnd lowbsCold Wind Blows
90.6%
ntwo akcb owndWon't Back Down
86.5%
Scrambled Song Song % Correct
ton fdaridaNot Afraid
85.4%
iogng hroguht geshcnaGoing Through Changes
80.8%
lcerndlaei anmCinderella Man
79%
rouye veenr voreYou're Never Over
75.4%
ltkani 2 fleymsTalkin' 2 Myself
73.7%
msotla msufaoAlmost Famous
59%
ltitneduUntitled
56.4%
dicsueontSeduction
50.4%

You're not logged in!

Compare scores with friends on all Sporcle quizzes.
OR
Log In

Show Comments

Extras

Top Quizzes Today


Score Distribution

Your Account Isn't Verified!

In order to create a playlist on Sporcle, you need to verify the email address you used during registration. Go to your Sporcle Settings to finish the process.

Report this User

Report this user for behavior that violates our Community Guidelines.

Details: